Niebla de sueño : (Record no. 195927)

MARC details
000 -LEADER
campo de control de longitud fija 01052nam a2200301 i 4500
001 - NÚMERO DE CONTROL
campo de control 195927
003 - IDENTIFICADOR DE NÚMERO DE CONTROL
campo de control ES-MaACL
005 - FECHA Y HORA DE LA ÚLTIMA TRANSACCIÓN
campo de control 20250326063216.0
008 - DATOS DE LONGITUD FIJA--INFORMACIÓN GENERAL
campo de control de longitud fija 240802s2023 sp ||||| |||| 00| 0 spa d
017 ## - NÚMERO DE COPYRIGHT O DE DEPÓSITO LEGAL
Número de copyright o de depósito legal GC 24-2023
020 ## - NÚMERO INTERNACIONAL ESTÁNDAR DEL LIBRO
Número Internacional Estándar del Libro 9788413531144
040 ## - FUENTE DE CATALOGACIÓN
Centro/agencia transcriptor ES-MaACL
100 ## - ENTRADA PRINCIPAL--NOMBRE DE PERSONA
Nombre de persona Ojeda, Pino,
Fechas asociadas al nombre 1916-2002
9 (RLIN) 237701
245 ## - MENCIÓN DEL TÍTULO
Título Niebla de sueño :
Resto del título poesía /
Mención de responsabilidad, etc. Pino Ojeda.
250 ## - MENCION DE EDICION
Mención de edición Primera edición: 2023
260 ## - PUBLICACIÓN, DISTRIBUCIÓN, ETC.
Lugar de publicación, distribución, etc. Gran Canaria :
Nombre del editor, distribuidor, etc. Cabildo de Gran Canaria,
Fecha de publicación, distribución, etc. 2023.
300 ## - DESCRIPCIÓN FÍSICA
Extensión 145 pág. ;
Dimensiones 19 cm
336 ## - TIPO DE CONTENIDO
Fuente rdacontent
Término de tipo de contenido Texto
337 ## - TIPO DE MEDIO
Fuente rdamedia
Nombre/término del tipo de medio sin mediación
338 ## - TIPO DE SOPORTE
Fuente rdacarrier
Nombre/término del tipo de soporte volumen
655 #7 - TERMINO DE INDIZACIÓN--GENERO/FORMA
Fuente del término tgfbne
9 (RLIN) 176539
Datos o término principal de género/forma Poesías
852 ## - LOCALIZACIÓN
Ubicación ES-MaACL
Ubicación en estantería Depósito J
Número de control de estantería N-9047
Donativo/Legado Donación: Funación Pino Ojeda
Encuadernación Encuadernación: Rústica con solapas
itemnumber 204889
914 ## - NOMBRE ENTIDAD DE DONANTE
RLIN 239885
Nombre de congreso/reunión o jurisdicción como elemento de entrada Fundación Pino Ojeda
Unidad subordinada Donante
942 ## - ELEMENTOS DE ENTRADA SECUNDARIOS (KOHA)
Tipo de ítem Koha Libro impreso
Suprimir en OPAC No
954 ## - CATALOGADOR -ALTA REGISTRO
Estado de la copia Tatiana Alejandra de Castro Pérez
Holdings
Estatus retirado Estado de pérdida Fuente del sistema de clasificación o colocación Estado de daño No para préstamo Biblioteca de origen Biblioteca actual Ubicación en estantería Fecha de adquisición Fuente de adquisición Total de préstamos Signatura topográfica completa Código de barras Visto por última vez Precio de reemplazo Tipo de ítem Koha
    Clasificación decimal universal     Biblioteca del Ateneo de Madrid Biblioteca del Ateneo de Madrid Depósito J 24/03/2025 Donación   N-9047 101229737 24/03/2025 24/03/2025 Libro impreso